Elements of mechanics of materials (Record no. 6596)

000 -LEADER
fixed length control field 00580nam a22002051 4500
001 - CONTROL NUMBER
control field 6129579
003 - CONTROL NUMBER IDENTIFIER
control field BD-DhUET
008 - FIXED-LENGTH DATA ELEMENTS--GENERAL INFORMATION
fixed length control field 730221s1966 njua b 000 0 eng
040 ## - CATALOGING SOURCE
Original cataloging agency DLC
Transcribing agency ODaWU
Modifying agency OCoLC
-- Uk
-- BD-DhUET
050 00 - LIBRARY OF CONGRESS CALL NUMBER
Classification number TA405
Item number .O37 1966
082 ## - DEWEY DECIMAL CLASSIFICATION NUMBER
Classification number 620.11
Item number OLS/1966
100 1# - MAIN ENTRY--PERSONAL NAME
Personal name Olsen, Gerner A.
245 10 - TITLE STATEMENT
Title Elements of mechanics of materials
Statement of responsibility, etc. by Gerner A. Olsen
250 ## - EDITION STATEMENT
Edition statement 2d ed.
260 ## - PUBLICATION, DISTRIBUTION, ETC. (IMPRINT)
Place of publication, distribution, etc. New Jersey
Name of publisher, distributor, etc. Prentice-Hall
Date of publication, distribution, etc. 1966
300 ## - PHYSICAL DESCRIPTION
Extent xxii, 591 p.
Other physical details illus.
Dimensions 24 cm.
504 ## - BIBLIOGRAPHY, ETC. NOTE
Bibliography, etc includes bibliographics
650 #0 - SUBJECT ADDED ENTRY--TOPICAL TERM
Topical term or geographic name as entry element Strength of materials
942 ## - ADDED ENTRY ELEMENTS (KOHA)
Koha item type General Book
Holdings
Withdrawn status Date acquired Source of classification or shelving scheme Koha normalized classification for sorting Koha full call number Price effective from Koha date last seen Piece designation (barcode) Not for loan Damaged status Location (home branch) Copy number Koha item type Sublocation or collection (holding branch) Koha issues (times borrowed) Koha date last borrowed Shelving location Lost status
 2014-12-04 620_110000000000000_OLS_1966620.11 /OLS/19662014-12-042014-12-0429221  Central Library, BUET28Contented Book Central Library, BUET  Circulation section 
 2014-12-04 620_110000000000000_OLS_1966620.11 /OLS/19662014-12-042018-12-0429216  Central Library, BUET23Contented Book Central Library, BUET12018-11-20Circulation section 
 2014-12-04 620_110000000000000_OLS_1966620.11/OLS/19662014-12-042022-10-0129206  Central Library, BUET13Contented Book Central Library, BUET12022-08-29Circulation section 
 2014-12-04 620_110000000000000_OLS_1966620.11/OLS/19662014-12-042014-12-0419846  Central Library, BUET4Contented Book Central Library, BUET  Circulation section 
 2014-12-04 620_110000000000000_OLS_1966620.11/OLS/19662014-12-042022-07-2352406  Central Library, BUET1Contented Book Central Library, BUET12022-06-20Circulation section 
 2015-06-16 620_110000000000000_OLS_1966620.11/OLS/19662015-06-162015-06-1613917  Central Library, BUET6Reading ItemCentral Library, BUET  Reading section 
 2015-06-29 620_110000000000000_OLS_1966620.11/OLS/19662015-06-292015-06-2929227  Central Library, BUET8Reading ItemCentral Library, BUET  Reading section